Movimientos separatistas europeos en un mapa - Estadísticas

Estadísticas generales
  • Esta prueba ha sido intentada 45 veces
  • La puntuación promedio es 11 de 15
Respuestas en el mapa
Las respuestas están codificadas por una escala verde-roja en el mapa de la prueba según el % correcto abajo.
 
Estadísticas de respuestas
Respuesta % Correcto
Escocia
100%
Euskal Herria
100%
Galicia
98%
Sicilia
95%
Córcega
88%
Bretaña
80%
Flandes
80%
Baviera
78%
Véneto
71%
Occitania
68%
Transnistria
68%
Países Catalanes
66%
Alsacia
46%
Cornualles
34%
Silesia
27%
No se encontraron pruebas coincidentes
Distribución de puntuación
Porcentaje de gente con cada puntuación
Porcentaje por número respondido
Historial de tus puntuaciones
No has intentado esta prueba.